[Event "GER-ch U10"]
[Site "Willingen"]
[Date "2022.06.10"]
[Round "10"]
[White "Tak, Rannveer"]
[Black "Hellriegel, Hannes"]
[Result "1-0"]
[WhiteElo "1746"]
[BlackElo "1335"]
[PlyCount "121"]
[EventDate "2022.06.04"]
[EventType "swiss"]
[EventRounds "11"]
[EventCountry "GER"]
[SourceTitle "CBM 208 Extra"]
[Source "ChessBase"]
[SourceDate "2022.07.31"]
[SourceVersion "1"]
[SourceVersionDate "2022.07.31"]
[SourceQuality "1"]

1. e4 e5 2. Nf3 Nc6 3. Bb5 a6 4. Bxc6 dxc6 5. 0-0 Be6 6. Nxe5 Qd4 7. Nf3 Qxe4 8. Re1 Qd5 9. Nc3 Qd8 10. d4 Be7 11. Bf4 Nf6 12. Ng5 Bf5 13. Re5 Qd7 14. Nge4 0-0 15. Ng3 Bg6 16. Qd2 Bd6 17. Re2 Rac8 18. Bxd6 cxd6 19. Rae1 Rfe8 20. Nce4 Nxe4 21. Nxe4 Bxe4 22. Rxe4 Rxe4 23. Rxe4 Re8 24. Rxe8+ Qxe8 25. Kf1 h6 26. Qe2 Kf8 27. c4 Qxe2+ 28. Kxe2 Ke7 29. Ke3 Ke6 30. a4 g5 31. f4 f5 32. a5 Kf6 33. b4 g4 34. d5 cxd5 35. cxd5 h5 36. b5 axb5 37. Kd4 Ke7 38. Kc3 Kd7 39. Kb4 Kc7 40. Kxb5 h4 41. g3 h3 42. a6 bxa6+ 43. Kxa6 Kc8 44. Kb6 Kd7 45. Kb7 Kd8 46. Kc6 Ke7 47. Kc7 Ke8 48. Kxd6 Kd8 49. Ke6 Kc7 50. Ke7 Kb6 51. d6 Kb5 52. d7 Kb4 53. d8Q Kb3 54. Qd4 Ka2 55. Qc3 Kb1 56. Qd2 Ka1 57. Kd6 Kb1 58. Kc5 Ka1 59. Kb4 Kb1 60. Kb3 Ka1 61. Qb2# 1-0